Maximising your memory : (Record no. 7132)

MARC details
000 -LEADER
fixed length control field 00576nam a22002052 4500
001 - CONTROL NUMBER
control field 0000005946
005 - DATE AND TIME OF LATEST TRANSACTION
control field 20151217152008.0
008 - FIXED-LENGTH DATA ELEMENTS--GENERAL INFORMATION
fixed length control field 070810s xx 000 0 eng d
020 ## - INTERNATIONAL STANDARD BOOK NUMBER
International Standard Book Number 817224939X :
Terms of availability KES 350
040 ## - CATALOGING SOURCE
Original cataloging agency KABU
Transcribing agency KABU
050 #0 - LIBRARY OF CONGRESS CALL NUMBER
Classification number BF371
Item number .M37
100 1# - MAIN ENTRY--PERSONAL NAME
Personal name Marshall, Peter.
-- 0000157271
245 10 - TITLE STATEMENT
Title Maximising your memory :
Remainder of title how to train yourself to remember more.
260 ## - PUBLICATION, DISTRIBUTION, ETC. (IMPRINT)
Place of publication, distribution, etc. Mumbai :
Name of publisher, distributor, etc. Jaico,
Date of publication, distribution, etc. 2001.
300 ## - PHYSICAL DESCRIPTION
Extent 121 p.
650 #0 - SUBJECT ADDED ENTRY--TOPICAL TERM
Topical term or geographic name as entry element Memory.
-- 0000157272
908 ## - PUT COMMAND PARAMETER (RLIN)
Put command parameter 070810
950 ## - LOCAL HOLDINGS (RLIN)
-- 1
Holdings
Withdrawn status Lost status Source of classification or shelving scheme Not for loan Home library Current library Date acquired Total Checkouts Full call number Barcode Date last seen Price effective from Koha item type
    Library of Congress Classification   Kabarak, Main Campus Kabarak, Main Campus 17/12/2015   BF371 .M37 000486 17/12/2015 17/12/2015 General Collection
Designed with assistance from East African Informatics Ltd